| 000 -LEADER |
| fixed length control field |
00603cam a2200193 a 4500 |
| 020 ## - INTERNATIONAL STANDARD BOOK NUMBER |
| ISBN |
0935702075 |
| 020 ## - INTERNATIONAL STANDARD BOOK NUMBER |
| ISBN |
0935702105 (pbk.) |
| 040 ## - CATALOGING SOURCE |
| Transcribing agency |
DLC |
| 082 00 - DEWEY DECIMAL CLASSIFICATION NUMBER |
| Classification number |
530 UNI 1982 A063 Or. |
| 100 1# - MAIN ENTRY--AUTHOR NAME |
| Personal name |
Taylor, John R. |
| 245 13 - TITLE STATEMENT |
| Title |
An introduction to error analysis : |
| Remainder of title |
the study of uncertainties in physical measurements / |
| 260 ## - PUBLICATION, DISTRIBUTION, ETC. (IMPRINT) |
| Place of publication |
Mill Valley, Calif. : |
| Name of publisher |
University Science Books, |
| Year of publication |
c1982. |
| 300 ## - PHYSICAL DESCRIPTION |
| Number of Pages |
x, 270 p. : |
| Other physical details |
ill. ; |
| Dimensions |
25 cm. |
| 500 ## - GENERAL NOTE |
| General note |
Includes index. |
| 650 #0 - SUBJECT ADDED ENTRY--TOPICAL TERM |
| Topical Term |
Physical measurements. |
| 650 #0 - SUBJECT ADDED ENTRY--TOPICAL TERM |
| Topical Term |
Error analysis (Mathematics) |
| 650 #0 - SUBJECT ADDED ENTRY--TOPICAL TERM |
| Topical Term |
Mathematical physics. |
| 942 ## - ADDED ENTRY ELEMENTS (KOHA) |
| Koha item type |
សៀវភៅភាសាអង់គ្លេស |
| 952 ## - LOCATION AND ITEM INFORMATION (KOHA) |
| Withdrawn status [LOCAL, KOHA] |
0 |